[Event "CRO-ch U17"]
[Site "Krapinske Toplice"]
[Date "2015.07.28"]
[Round "6"]
[White "Radenic, Filip"]
[Black "Starcevic, Ante Leon"]
[Result "1/2-1/2"]
[WhiteElo "1893"]
[BlackElo "1924"]
[PlyCount "66"]
[EventDate "2015.07.25"]
[EventType "swiss"]
[EventRounds "9"]
[EventCountry "CRO"]
[SourceTitle "CBM 167 Extra"]
[Source "ChessBase"]
[SourceDate "2015.09.14"]
[SourceVersion "1"]
[SourceVersionDate "2015.09.14"]
[SourceQuality "1"]

1. c4 Nf6 2. Nc3 g6 3. g3 d5 4. cxd5 Nxd5 5. Bg2 Nxc3 6. bxc3 Bg7 7. Nf3 c5 8. d4 Nc6 9. e3 Qa5 10. Bd2 0-0 11. 0-0 Qa6 12. Qb3 Be6 13. Qb2 Rfd8 14. Rfb1 Rab8 15. Qb5 Bc4 16. Qxa6 Bxa6 17. Re1 e5 18. dxc5 Rd5 19. Nd4 Rxc5 20. Nb3 Rc4 21. Bf1 Ra4 22. Nc5 Ra5 23. Nxa6 bxa6 24. c4 Ra3 25. Bg2 Ne7 26. Re2 e4 27. Rd1 f5 28. f3 Rd8 29. fxe4 Bh6 30. exf5 Rad3 31. Kf2 Nxf5 32. Bd5+ Kg7 33. Kg2 Rxe3 1/2-1/2

[Event "CRO-ch U17"]
[Site "Krapinske Toplice"]
[Date "2015.07.26"]
[Round "2"]
[White "Radenic, Filip"]
[Black "Jurotic, Nino"]
[Result "1-0"]
[WhiteElo "1893"]
[BlackElo "1802"]
[PlyCount "25"]
[EventDate "2015.07.25"]
[EventType "swiss"]
[EventRounds "9"]
[EventCountry "CRO"]
[SourceTitle "CBM 167 Extra"]
[Source "ChessBase"]
[SourceDate "2015.09.14"]
[SourceVersion "1"]
[SourceVersionDate "2015.09.14"]
[SourceQuality "1"]

1. c4 Nf6 2. Nc3 b6 3. d4 Bb7 4. Nf3 d5 5. Bf4 dxc4 6. Qa4+ Bc6 7. Qxc4 e6 8. Ne5 Bd5 9. Qa4+ Nbd7 10. e4 Bxe4 11. Nxe4 Nxe4 12. Nxd7 Qxd7 13. Bb5 1-0

[Event "CRO-chT2 Center"]
[Site "Croatia"]
[Date "2015.04.26"]
[Round "5.26"]
[White "Ivekovic, Tihana"]
[Black "Radenic, Filip"]
[Result "1-0"]
[WhiteElo "2087"]
[BlackElo "1851"]
[PlyCount "127"]
[EventDate "2015.03.22"]
[EventType "team-tourn"]
[EventRounds "11"]
[EventCountry "CRO"]
[SourceTitle "EXT 2016"]
[Source "ChessBase"]
[SourceDate "2015.10.08"]
[SourceVersion "1"]
[SourceVersionDate "2015.10.08"]
[SourceQuality "1"]

1. d4 Nf6 2. c4 g6 3. Nc3 d5 4. Nf3 Bg7 5. Qb3 dxc4 6. Qxc4 0-0 7. e4 Na6 8. Be2 c5 9. d5 b6 10. 0-0 Nc7 11. Qb3 Bb7 12. Rd1 Re8 13. Bf4 Nh5 14. Be3 Qd6 15. g3 e6 16. dxe6 Qxe6 17. Bc4 Qe7 18. Ng5 Ne6 19. Nd5 Bxd5 20. Bxd5 Nxg5 21. Bxg5 Qxg5 22. Bxf7+ Kh8 23. Bxe8 Rxe8 24. Rd7 Qf6 25. Rxa7 Rf8 26. Rf1 Qxb2 27. Rb7 Qe2 28. Rf7 Qxe4 29. Rxf8+ Bxf8 30. Qxb6 c4 31. Qb8 Kg7 32. Qc7+ Kg8 33. Rc1 Nf6 34. Qxc4+ Kg7 35. Qxe4 Nxe4 36. Rc7+ Kg8 37. f3 Ng5 38. Kg2 Ba3 39. Rc3 Bb4 40. Rb3 Bd2 41. Rd3 Bb4 42. a4 Ne6 43. Rb3 Bd2 44. Rb5 Nc7 45. Rc5 Ne6 46. Rd5 Bb4 47. Rb5 Bd2 48. a5 Nc7 49. Rc5 Na6 50. Rc6 Nb4 51. Rd6 Be3 52. a6 g5 53. Rd8+ Kg7 54. a7 Bxa7 55. Rd7+ Kg6 56. Rxa7 h5 57. Rb7 Nd5 58. Rd7 Ne3+ 59. Kf2 Nf5 60. g4 hxg4 61. fxg4 Nh6 62. Rd6+ Kg7 63. Rxh6 Kxh6 64. Ke3 1-0